000 01950pab a2200181 454500
008 180718b2017 xxu||||| |||| 00| 0 eng d
100 _aZwalf, Sebastian
245 _aCompetitive neutrality in public-private partnership evaluations: a non-neutral interpretation in comparative perspective
260 _c2017
300 _ap.225-237.
362 _aDec
520 _aInternationally, public-private partnerships (PPPs) have become an increasingly common part of government infrastructure programmes. The public sector comparator (PSC) is the key quantitative test to ensure that PPP projects achieve much vaunted value-for-money (VFM) compared to projects managed solely by governments. Despite attracting much debate over the preceding two decades, one component of the PSC that has received relatively little attention is that of competitive neutrality, which is the requirement to remove any advantages either delivery method, private or public, may have due to ownership. Competitive neutrality policies have found favour over the last two decades in an effort to enhance micro-economic competitive tension. In response, this article reviews the conceptual basis for competitive neutrality and considers how it has been applied within the PPP guidelines in eight G20 economies. It finds that, while most governments apply some principles of competitive neutrality, the application varies widely, with a tendency to favour the PPP option. It also finds that the objectives of VFM and competitive neutrality are competing and, in fact, contradictory, which raises the issue of whether a competitive neutrality adjustment should be made to all PPP evaluations. The conclusion is that such an adjustment should not be made in all instances. - Reproduced.
650 _aG20 economies
650 _aCompetitive neutrality
650 _aPublic private partnership
773 _aAsia Pacific Journal of Public Administration
909 _a116876
999 _c116870
_d116870